00297pab a2200085 454500008003600000245006300036650003200099650003700131773004300168180718b xxu||||| |||| 00| 0 eng d aInternational political economy and the global environment a International Institutions aInternational Economic Relations aInternational Political Science Review